| 000 | 00438nam a2200145 a 4500 | ||
|---|---|---|---|
| 001 | 000028975 | ||
| 005 | 20200930055243.0 | ||
| 008 | 110413s2003 dr ac 000 0 spa d | ||
| 040 |
_aDO-SdBNP _bspa _cBNPHU |
||
| 100 | 1 |
_aLibre Otero, Manuel _955907 |
|
| 245 | 1 | 0 |
_aKrónica koltés / _cManuel Libre Otero. |
| 260 |
_aSantiago de los Caballeros,República Dominicana : _bEditora Búho, _c2003. |
||
| 300 |
_a28 p. ; _c29 cm. |
||
| 049 | _aBNPD | ||
| 999 |
_c28467 _d28467 |
||